MDQL
is popping MORE tags! Check the
thread
!
Quizzes
Events
Quiz Creation
Community
Videos
Private Events
Remove Ads
Sign In
Join for FREE
Feedback
Dark Mode
Quiz Categories
Sports
Geography
Music
Movies
Television
Just For Fun
Miscellaneous
History
Literature
Language
Science
Gaming
Entertainment
Religion
Holiday
For Kids
Quiz Lab
Recent
Popular Today
Quiz Kudos Today
Editor Picks
Curator Picks
Quizzes by...
Day
Popularity
Type
Ratings
Length
Year
Community
Subscriptions
Recent Discussions
Orange Saloon
Badges
Playlists
Quests
Create
Leaderboards
Showdown
Live 5
Trivia Bingo
Activity
Puzzle Library
Sporcle Events
Private Events
Virtual Trivia
Globe League
Become a Host
Pub Owners
SporcleCon
Opinionation
Our Games
Videos
Blog
Mobile Apps
Partnerships
Remove Ads and Go Orange
Feedback
Sports
Athletes
MLB
NBA
NHL
NFL
Soccer
Sports Teams
WWE
NCAA
Football
Premier League
Basketball
Baseball
Hockey
Golf
Tennis
Cricket
Rugby
Auto Racing
Olympics
World Cup
Sports
Athletes
MLB
NBA
NHL
NFL
Soccer
Sports Teams
WWE
NCAA
Football
Premier League
Basketball
Baseball
Hockey
Golf
Tennis
Cricket
Rugby
Auto Racing
Olympics
World Cup
Random Quiz
Search Sporcle
×
Quiz Lab
Quiz Lab
Sports
Baseball
Type in answers that appear in a list
Type in answers that appear in a list
Classic
Best Score? Go Orange.
Cubs Starting Pitchers (2000s) Stats
Can you name the top 5 pitchers with the most starts for the Chicago Cubs each season (2000-2009)?
By
ironsij0287
6m
51 Questions
900 Plays
900 Plays
900 Plays
Comments
Comments
Give Quiz Kudos
Give Quiz Kudos
-
- Ratings
hide this ad
Replay
Link that replays current quiz
Next Quiz
Link to next quiz in quiz playlist
You Got
0%
They Got
Avg Score
65%
Avg Friend Score
Upgrade to see
Score Distribution
Jump to the score distribution portion of the page
Score
0/51
Timer
06:00
0
Plays Today
Year
Pitcher
% Correct
2000
Kerry Wood
98.3%
2001
Kerry Wood
98.3%
2002
Kerry Wood
98.3%
2003
Kerry Wood
98.3%
2004
Kerry Wood
98.3%
2002
Carlos Zambrano
97.4%
2003
Carlos Zambrano
97.4%
2004
Carlos Zambrano
97.4%
2005
Carlos Zambrano
97.4%
2006
Carlos Zambrano
97.4%
2007
Carlos Zambrano
97.4%
2008
Carlos Zambrano
97.4%
2009
Carlos Zambrano
97.4%
2002
Mark Prior
97.3%
2003
Mark Prior
97.3%
2004
Mark Prior
97.3%
2005
Mark Prior
97.3%
2008
Ryan Dempster
86.7%
2009
Ryan Dempster
86.7%
2004
Greg Maddux
80.3%
2005
Greg Maddux
80.3%
2006
Greg Maddux
80.3%
2002
Matt Clement
73.1%
2003
Matt Clement
73.1%
2004
Matt Clement
73.1%
2007
Ted Lilly
72.6%
Year
Pitcher
% Correct
2008
Ted Lilly
72.6%
2009
Ted Lilly
72.6%
2000
Jon Lieber
67.8%
2001
Jon Lieber
67.8%
2002
Jon Lieber
67.8%
2008
Rich Harden
43.8%
2009
Rich Harden
43.8%
2006
Rich Hill
43.4%
2007
Rich Hill
43.4%
2003
Shawn Estes
40.4%
2000
Kevin Tapani
40.2%
2001
Kevin Tapani
40.2%
2006
Sean Marshall
38.4%
2007
Sean Marshall
38.4%
2009
Randy Wells
37.7%
2007
Jason Marquis
37.4%
2008
Jason Marquis
37.4%
2006
Carlos Marmol
29.4%
2005
Glendon Rusch
20.7%
2005
Jerome Williams
19%
2001
Jason Bere
16.9%
2002
Jason Bere
16.9%
2001
Julian Tavarez
11.7%
2000
Scott Downs
7.3%
2000
Ruben Quevedo
6.8%
Quiz Playlist
Details
Report
Send in Message
Add To Playlist
Classic:
Type in answers that appear in a list
Quiz Source
Last Updated: Apr 17, 2017
Quiz Scoreboard
CHALLENGE
Sign Up to Join the Scoreboard
Show All
Scores
Hide
Comments
May contain spoilers
Recently Published
Colored Red Africa Blitz
by spor1
Geography
30s
Find the 'City' Movie
by crazypaving
Movies
60s
5x2 Blitz: Bands
by SL_Kpop136
Music
30s
More to Explore
Quiz From the Vault
Featured Blog Post
14 Easter Pick-up Lines to Find Eggs With
hide this ad
You Might Also Like...
Tags
Baseball Quiz
MLB Quiz
2000
2000s
Chicago Cubs
Pitchers
season
start
Started
Starting
Today's Top Quizzes in Sports
Browse Sports
hide this ad
Today's Top Quizzes in Baseball
Browse Baseball
Top Contributed Quizzes in Sports
1
Les entraîneurs de l'OM et du PSG au 21e siècle
2
Les meilleurs buteurs des matchs entre le PSG et l’OM
3
Les joueurs passés par le PSG et l'OM
4
Players with Multiple 50 Home Run Seasons
5
2022 World Cup Stars
6
Criteria MLB: Left Handed Sluggers
7
NBA Logic Puzzle 2.0
8
MLB Players with Two .350 Batting Average Seasons
9
Top 10 NHL Goal Scorers of All Time
10
Les joueurs passés par le LOSC et le RC Lens
Explore More
Trending Topics
Harry Potter
Disney
Marvel
Kpop
Anime
NBA
Crossword
Song
Puzzle
Soccer
Pokémon
NFL
The Office
Country
WWE
hide this ad
More By:
ironsij0287
Quiz
Plays
Rating
Category
Featured
Created
Alphabetical US States
366,653
4.51
Geography
Sep 9, 2009
NBA Western Scoring Leaders (2000s)
315,072
4.60
Sports
Oct 3, 2010
MLB Home Run Leaders (1990s)
260,153
4.51
Sports
Aug 26, 2009
Beers of the World
255,907
4.10
Miscellaneous
Aug 4, 2009
NBA Eastern Scoring Leaders (2000s)
203,053
4.52
Sports
Oct 3, 2010
Go to Creator's Profile
Score Distribution
Quiz Creator Spotlight
ironsij0287
Follow
Send a Message
Quizzes Created
-
Created Quiz Play Count
-
More By This Creator
Popular Quizzes Today
1
Colored Red Africa Blitz
2
Find the 'City' Movie
3
5x2 Blitz: Bands
4
Find the US States - No Outlines Minefield
5
The Countries of the World
6
Find the US States
7
US States
8
Find the Countries of Europe - No Outlines Minefield
More Sports Quizzes
Argentina Football Clubs
Quiz Lab
Trending Quizzes
Colored Red Europe Blitz I
Colored Red Europe Blitz II
Colored Red Africa Blitz II
Colored Red Europe Blitz III
Colored Red Africa Blitz III
Recently Updated
How Do You Spell That?
pecheneg
Godzilla Movies
pecheneg
Grab Bag: 4-10 Letters
pecheneg
2024 March Madness Bracket
pecheneg
Famous TV Couples
Peacemaker
Champions League XIs: Real Madrid
pecheneg
Largest US Cities 1790-2010
pecheneg
Rides in Walt Disney World
pecheneg
Most Oscar Losses (Acting)
pecheneg
Beyoncé Albums
pecheneg
Trending Topics
Kpop
Disney
Anime
NBA
Crossword
Harry Potter
Marvel
NFL
Puzzle
Soccer
Country
Pokémon
The Office
WWE
Song
Your Account Isn't Verified!
In order to create a playlist on Sporcle, you need to verify the email address you used during registration. Go to your
Sporcle Settings
to finish the process.
Report this User
Report this user for behavior that violates our
Community Guidelines
.
Details:
Send Report
Go to the Sporcle.com Mobile Site →
Comments